Normal view
MARC view
Entry Término temático
001 - NÚMERO DE CONTROL
- campo de control: 52005
003 - IDENTIFICADOR DEL NÚMERO DE CONTROL
- campo de control: OSt
005 - FECHA Y HORA DE LA ÚLTIMA TRANSACCIÓN
- campo de control: 20260115162550.0
008 - DATOS DE LONGITUD FIJA
- campo de control de longitud fija: 260115|| aca||aabn | a|a d
040 ## - FUENTE DE LA CATALOGACIÓN
- Centro catalogador/agencia de origen: OSt
- Centro/agencia transcriptor: OSt
150 ## - ENCABEZAMIENTO--TÉRMINO DE MATERIA
- Término de materia o nombre geográfico como elemento de entrada: Gobierno militar de Velasco Alvarado
670 ## - FUENTE DE DATOS ENCONTRADOS
- Cita de la fuente: Work cat.: (OSt): Mego, Alberto 52000, Cien Años de Teatro - El Perú en el siglo XX :, 2023